Countries That Border the Guinea Sea - Statistics

General Stats
  • This quiz has been taken 26 times
    17 since last reset
  • The average score is 16 of 16
Answer Stats
Population Answer % Correct
12.12 million Benin
100%
26.55 million Cameroon
100%
1.403 million Equatorial Guinea
100%
2.226 million Gabon
100%
31.07 million Ghana
100%
13.13 million Guinea
100%
1.968 million Guinea-Bissau
100%
5.058 million Liberia
100%
206.1 million Nigeria
100%
219,161 São Tomé and Príncipe
100%
7.977 million Sierra Leone
100%
8.279 million Togo
100%
89.56 million Democratic Republic of the Congo
93%
26.38 million Ivory Coast
93%
5.518 million Republic of the Congo
93%
32.87 million Angola
87%
No matching quizzes found
Score Distribution
Percent of People with Each Score
Percentile by Number Answered
Your Score History
You have not taken this quiz since the last reset